02581nkc a2200337za 450000100060000000300040000600500170001000700070002700800410003404000240007510000330009924500560013226000240018830001020021250004590031450001930077350000650096650001340103150001680116550400520133350500550138551001510144051002100159156101300180161000460193165100190197765500320199670000530202885200120208185601500209384704OSt20260324130151.0kh boc250410s19101911sp ||||| ||||||0| i|spa d aM-RABAbspacM-RABA1 aElorza, Lorenzod(1861-1931)10aSan Vicentejob: Ermita de la Concepciónc/ L. E. c[ca. 1910 – 1911] a1 fotografía b: gelatina de plata c; imagen 12 x 17 cmc; soporte secundario 21,5 x 26,5 cm  aVista frontal de la fachada sur de la ermita de la Purísima Concepción en San Vicentejo. La portada presenta un arco de medio punto que descansa en cuatro columnas de fuste reticulado y capiteles con decoración vegetal. El ábside se despliega en cinco planos separados por contrafuertes. Se observa uno de sus arcos ciegos, trilobulados y apoyados en impostas. Delante de la puerta, Federico Baraibar y Lorenzo Elorza figuran junto a otro hombre. aFotografía montada sobre soporte secundario de cartulina azul enmarcada con orla en relieve. Título y numeración manuscrita que hace referencia a la posición en la serie “149”. aSello con monograma del fotógrafo en tinta roja “L.E.” aFechas tomadas de la ejecución del positivo de las fotografías, incluido el soporte secundario. (Soto Madrazo, Javier. 2008). aForma parte de un conjunto de 167 fotografías empleadas por Federico Baráibar Zumárraga para la elaboración del Inventario del Románico en Álava (1911) aBaraibar, F.: "Rincones artísticos", M. 1914. aSan Vicentejo.- Ermita de la Concepción. / L. E. aDescripción tomada de: Soto Madrazo, Javier (2008). Federico Baraibar y el Inventario del Románico en Álava: una caja con 167 fotografías. aEsta colección fue utilizada posteriormente por Cristóbal de Castro para la elaboración y publicación del "Catálogo Monumental de España: provincia de Álava", Madrid, S. de Rivadeneira, 1915. aDonadas junto con la memoria manuscrita a la Academia por el mismo Baraibar (Sesión 12 de febrero de 1912, Archivo: 4-32-1)27aErmita de la Concepción (San Vicentejo) 7aÁlava2embne 0aFotografías de monumentos1 aBaráibar y Zumárraga, Federico d(1851-1918) jFot-258 3Fot-258uhttps://archivoybiblioteca.realacademiabellasartessanfernando.com/cgi-bin/koha/opac-retrieve-file.pl?id=a0d3747d0f24100a967878de800c1df3